[Event "Match"]
[Site "www.echecsemail.com"]
[Date "2017.01.01"]
[Round "1"]
[White "Yangqi"]
[Black "Nimzo"]
[WhiteElo "2710"]
[BlackElo "2780"]
[Result "1/2-1/2"]
[Round "1"]
1.e4 e5
2.Ng1f3 Nb8c6
3.d4 exd4
4.Nf3xd4 Ng8f6
5.Nd4xc6 bxc6
6.e5 Qd8e7
7.Qd1e2 Nf6d5
8.c4 Nd5b6
9.Nb1c3 Qe7e6
10.Qe2e4 d5
11.exd6 Qe6xe4
12.Nc3xe4 cxd6
13.b3 d5
14.cxd5 Nb6xd5
15.Bf1c4 { draw }
1/2-1/2

[Event "Match"]
[Site "www.echecsemail.com"]
[Date "2017.01.01"]
[Round "1"]
[White "Fatmike02"]
[Black "Whitekknight"]
[WhiteElo "1749"]
[BlackElo "1900"]
[Result "1-0"]
[Round "1"]
1.e4 e5
2.Ng1f3 d6
3.d4 exd4
4.Nf3xd4 Ng8f6
5.Nb1c3 Bc8d7
6.Bf1c4 Bf8e7
7.O-O Nb8c6
8.Bc1f4 Nc6xd4
9.Qd1xd4 O-O
10.Nc3d5 Nf6xd5
11.exd5 Be7f6
12.Qd4d2 b5
13.Bc4d3 Bf6xb2
14.Ra1b1 Bb2f6
15.Bd3xb5 Bd7xb5
16.Rb1xb5 Qd8d7
17.Rb5b7 Rf8b8
18.Rf1b1 Rb8xb7
19.Rb1xb7 Qd7c8
20.Qd2b4 Qc8e8
21.g3 Qe8c8
22.c4 Bf6d4
23.Qb4b5 Bd4b6
24.Qb5c6 g6
25.c5 Bb6xc5
26.Rb7xc7 Qc8d8
27.Qc6d7 Qd8xd7
28.Rc7xd7 Kg7
29.Bf4xd6 Bc5b6
30.Bd6e7 a5
31.a4 Ra8e8
32.d6 Bb6c5
33.Rd7b7 h6
34.d7 Re8xe7
35.d8Q Re7xb7
36.Qd8xa5 Rb7b1
37.Kg2 Bc5e7
38.Qa5c7 Be7f6
39.a5 Rb1a1
40.Qc7b6 Bf6c3
41.a6 Kh7
42.a7 { resign }
1-0

[Event "Match"]
[Site "www.echecsemail.com"]
[Date "2017.01.01"]
[Round "1"]
[White "Luke1302"]
[Black "Coraza"]
[WhiteElo "1339"]
[BlackElo "1790"]
[Result "0-1"]
[Round "1"]
1.e4 e5
2.Qd1e2 a5
3.g3 d5
4.Qe2b5 c6
5.Qb5a4 Bf8c5
6.Qa4b3 Qd8f6
7.d3 Qf6xf2
8.Kd1 Qf2xf1
9.Kd2 Qf1g2
10.Kd1 Qg2xh1
11.Bc1d2 Bc8g4
12.Ke1 Qh1xg1
{ resign }
0-1

[Event "Match"]
[Site "www.echecsemail.com"]
[Date "2017.01.01"]
[Round "1"]
[White "Kazooie"]
[Black "Winston"]
[WhiteElo "1789"]
[BlackElo "1319"]
[Result "0-1"]
[Round "1"]
1.d4 d5
2.Ng1f3 c5
3.c3 Nb8c6
4.Bc1g5 Ng8f6
5.Nb1d2 e6
6.Nf3e5 cxd4
7.Ne5xc6 bxc6
8.cxd4 c5
9.Nd2f3 c4
10.Nf3e5 Bf8b4
11.Bg5d2 Qd8a5
12.e3 Nf6e4
13.Ne5f3 Ra8b8
14.Ra1b1 c3
15.bxc3 Ne4xc3
16.Qd1b3 Nc3xb1
17.Bd2xb4 Qa5xb4
18.Qb3xb4 Rb8xb4
19.Nf3e5 Bc8b7
{ resign }
0-1

[Event "Match"]
[Site "www.echecsemail.com"]
[Date "2017.01.01"]
[Round "1"]
[White "Pariolinius"]
[Black "Tonino1"]
[WhiteElo "1890"]
[BlackElo "2030"]
[Result "0-1"]
[Round "1"]
1.d4 Ng8f6
2.Ng1f3 g6
3.Bc1f4 Bf8g7
4.e3 O-O
5.Bf1d3 d6
6.Nb1d2 c6
7.h3 Qd8c7
8.O-O Nb8d7
9.c3 e5
10.dxe5 dxe5
11.Bf4h2 Rf8e8
12.e4 b6
13.Rf1e1 Nf6h5
14.Qd1b3 Nd7c5
15.Qb3c2 Nc5xd3
16.Qc2xd3 Bc8e6
17.b3 Ra8d8
18.Qd3c2 Nh5f4
19.Nd2c4 Be6xc4
20.bxc4 Nf4d3
21.Re1d1 Nd3c5
22.Rd1d2 Rd8xd2
23.Nf3xd2 Re8d8
24.Ra1d1 Rd8d3
25.f3 Qc7d7
26.Bh2g3 Bg7h6
27.Bg3e1 Bh6e3
28.Kf1 Qd7e6
29.Ke2 Be3xd2
30.Be1xd2 Qe6xc4
31.Ke1 Nc5a4
32.Qc2b3 Qc4xb3
33.axb3 Na4c5
34.b4 Nc5b3
35.Bd2h6 Rd3xd1
36.Kxd1 c5
37.Kc2 c4
38.Bh6g5 a5
39.bxa5 bxa5
40.Bg5e7 f5
41.Be7d6 fxe4
42.fxe4 a4
43.Kb2 Nb3d2
44.Bd6xe5 Nd2xe4
45.Ka3 Ne4c5
46.Be5d4 Nc5e6
47.Bd4e5 Ne6c5
48.g3 Kf7
49.Be5d4 Nc5e4
50.g4 Ne4d6
51.Kxa4 Ke6
52.Kb4 Kd5
53.Bd4c5 Nd6e4
54.Bc5d4 Ne4g5
55.h4 Ng5f3
56.Bd4f6 Nf3h2
57.g5 Nh2f3
58.Kb5 Nf3xh4
59.Bf6g7 Nh4f5
60.Bg7f6 h5
61.Bf6d8 h4
62.Bd8c7 Nf5d6
63.Kb4 h3
{ resign }
0-1

[Event "Eq:Latinoamerica-Los Tercios : "]
[Site "www.chess-mail.com"]
[Date "2017.01.01"]
[Round "1"]
[White "Obisporey"]
[Black "Lui"]
[WhiteElo "2620"]
[BlackElo "2500"]
[Result "1-0"]
[Round "1"]
1.e4 e5
2.Ng1f3 Nb8c6
3.Bf1b5 a6
4.Bb5a4 Ng8f6
5.O-O Bf8e7
6.Rf1e1 b5
7.Ba4b3 d6
8.c3 O-O
9.h3 Nc6a5
10.Bb3c2 c5
11.d4 Qd8c7
12.Nb1d2 cxd4
13.cxd4 Na5c6
14.Nd2b3 a5
15.Bc1e3 a4
16.Nb3d2 Bc8d7
17.Ra1c1 Qc7b7
18.d5 Nc6b4
19.Bc2b1 Rf8c8
20.Nd2f1 Be7d8
21.Nf1g3 Rc8xc1
22.Qd1xc1 Ra8c8
23.Qc1d2 Nb4a6
24.Re1c1  { time }
1-0

[Event "Eq:Latinoamerica-Los Tercios : "]
[Site "www.chess-mail.com"]
[Date "2017.01.01"]
[Round "1"]
[White "Lui"]
[Black "Obisporey"]
[WhiteElo "2500"]
[BlackElo "2620"]
[Result "0-1"]
[Round "1"]
1.e4 c5
2.Ng1f3 Nb8c6
3.d4 cxd4
4.Nf3xd4 Ng8f6
5.Nb1c3 e5
6.Nd4b5 d6
7.Bc1g5 a6
8.Nb5a3 b5
9.Bg5xf6 gxf6
10.Nc3d5 f5
11.Bf1d3 Bc8e6
12.O-O Be6xd5
13.exd5 Nc6e7
14.c3 Bf8g7
15.Qd1h5 e4
16.Bd3c2 Qd8a5
17.Ra1e1 Bg7xc3
18.bxc3 Qa5xa3
19.Bc2xe4 fxe4
20.Re1xe4 Ra8a7
21.Rf1e1 Kd8
22.Qh5xf7 Qa3xc3
23.Re4e3 Qc3b4
24.g3 Rh8e8
 { time }
0-1

[Event "Eq:Nightwish-Los Tercios : "]
[Site "www.chess-mail.com"]
[Date "2017.01.01"]
[Round "1"]
[White "Jackbauer"]
[Black "Stevefillion"]
[WhiteElo "1970"]
[BlackElo "2360"]
[Result "0-1"]
[Round "1"]
1.e4 c5
2.f4 Ng8f6
3.e5 Nf6d5
4.d3 Nb8c6
5.Ng1f3 e6
6.c4 Nd5e7
7.Nb1c3 d6
8.Bf1e2 dxe5
9.fxe5 Ne7g6
10.O-O Bf8e7
11.a3 O-O
12.Bc1e3 Ng6xe5
13.Nf3xe5 Nc6xe5
14.Nc3e4 b6
15.b3 Bc8b7
16.Qd1d2 Ne5c6
17.Rf1f3 Nc6d4
18.Be3xd4 Qd8xd4
19.Qd2e3 Qd4xa1
20.Rf3f1 Qa1d4
21.Qe3xd4 cxd4
22.b4 Bb7xe4
23.dxe4 a5
24.b5 Be7xa3
25.Rf1f3 Ba3c5
26.Be2d3 a4
27.Rf3f1 a3
28.Rf1a1 a2
29.g4 Ra8a3
30.Bd3f1 d3
31.Kg2 Bc5d4
{ resign }
0-1

[Event "Fast Game"]
[Site "www.echecsemail.com"]
[Date "2017.01.01"]
[Round "1"]
[White "Jobeye"]
[Black "Scotland"]
[WhiteElo "1769"]
[BlackElo "1599"]
[Result "0-1"]
[Round "1"]
1.Nb1c3 c5
2.d4 cxd4
3.Qd1xd4 Nb8c6
4.Qd4f4 Ng8f6
5.e4 d6
6.Bc1d2 e6
7.O-O-O a6
8.Ng1f3 Bf8e7
9.Bf1e2 O-O
10.h4 Nf6h5
11.Qf4g4 g6
12.Qg4h3 e5
13.Qh3h2 Nh5g7
14.Nc3d5 b5
15.Nd5xe7 Qd8xe7
16.Bd2g5 f6
17.Bg5h6 Rf8d8
18.Bh6e3 Bc8b7
19.h5 Ng7xh5
20.g4 Nh5f4
21.Be3xf4 exf4
22.Qh2xf4 Nc6e5
23.Nf3xe5 dxe5
24.Qf4h6 Bb7xe4
25.Rd1xd8 Ra8xd8
26.f3 Be4b7
27.Be2d3 Bb7xf3
28.Rh1h4 e4
29.Bd3f1 Rd8d1
{ resign }
0-1

[Event "Tourn. n8957"]
[Site "www.chess-mail.com"]
[Date "2017.01.02"]
[Round "1"]
[White "Johnmcbride"]
[Black "Fabos12"]
[WhiteElo "1900"]
[BlackElo "2100"]
[Result "1-0"]
[Round "1"]
1.d4 d5
2.e3 Nb8c6
3.Bf1d3 e5
4.h3 e4
5.Bd3b5 a6
6.Bb5xc6 bxc6
7.Bc1d2 f5
8.f4 Qd8h4
9.Kf1 c5
10.Bd2e1 Qh4d8
11.c3 Ng8f6
12.Be1h4 a5
13.Ng1e2 c6
14.a4 c4
15.Ne2g3 Ra8b8
16.Ra1a2 h6
17.Ng3e2 Rh8g8
18.Kf2 g5
19.Bh4g3 g4
20.h4 h5
21.Nb1d2 Rb8b6
22.Qd1c2 Bf8d6
23.Rh1b1 Bc8a6
24.Kg1 Qd8b8
25.Ne2c1 Ba6c8
26.b3 Bc8a6
27.Qc2d1 c5
28.Nc1e2 cxb3
29.Nd2xb3 Ba6xe2
30.Ra2xe2 c4
31.Nb3d2 Rg8g7
32.Rb1xb6 Qb8xb6
33.Nd2b1 Rg7b7
34.Nb1a3 Qb6b3
35.Qd1xb3 Rb7xb3
36.Na3b5 Bd6e7
37.Kh2 Kd8
38.Bg3e1 Rb3b1
39.g3 Nf6d7
40.Be1f2 Kc8
41.Re2a2 Nd7b6
42.Nb5a3 Rb1f1
43.Na3b5 Nb6xa4
44.Ra2c2 Rf1b1
45.Rc2a2 Na4b2
46.Ra2xa5 Nb2d3
47.Kg2 Rb1b2
48.Ra5a7 Rb2xf2
49.Kg1 Kd8
50.Nb5c7 Be7xh4
51.Nc7e6 Kc8
52.gxh4 g3
53.Ra7g7 Nd3e1
54.Rg7xg3 Kd7
55.Ne6c5 Ke7
56.Kxf2 { resign }
1-0

[Event "Tourn. n9155"]
[Site "www.chess-mail.com"]
[Date "2017.01.02"]
[Round "1"]
[White "Bojan"]
[Black "Norlavuaram"]
[WhiteElo "2010"]
[BlackElo "2130"]
[Result "0-1"]
[Round "1"]
1.b4 e5
2.a3 d5
3.Bc1b2 Bf8d6
4.e3 Ng8e7
5.d4 Nb8c6
6.b5 Nc6a5
7.dxe5 Bd6c5
8.Nb1c3 O-O
9.Nc3a4 b6
10.Na4xc5 bxc5
11.a4 Bc8e6
12.Bb2c3 Na5b7
13.f4 Ne7f5
14.Bc3d2 Qd8h4
15.Ke2 d4
16.Qd1e1 Be6c4
17.Kd1 Bc4xf1
18.g3 Qh4h5
19.Kc1 Bf1g2
20.h3 Bg2xh1
21.g4 Qh5g6
22.gxf5 Qg6h6
23.exd4 Rf8e8
24.c3 cxd4
25.cxd4 Bh1d5
26.Ra1a3 Nb7d6
27.Ra3c3 Nd6e4
28.Rc3c5 Ne4xc5
29.dxc5 a6
30.b6 cxb6
31.cxb6 Qh6xb6
32.Bd2a5 Ra8c8
33.Kd2 Qb6b2
34.Ke3 Qb2c1
{ resign }
0-1

[Event "Tourn. n9032"]
[Site "www.chess-mail.com"]
[Date "2017.01.02"]
[Round "1"]
[White "Bronstein70"]
[Black "Gimmyg"]
[WhiteElo "2360"]
[BlackElo "2480"]
[Result "1/2-1/2"]
[Round "1"]
1.e4 c5
2.f4 d5
3.exd5 Ng8f6
4.Bf1b5 Bc8d7
5.Bb5xd7 Qd8xd7
6.c4 e6
7.Qd1e2 Bf8e7
8.dxe6 Qd7xe6
9.Qe2xe6 fxe6
10.Ng1f3 Nb8c6
11.O-O Be7d6
12.g3 O-O
13.Nb1c3 e5
14.Nc3b5 Bd6b8
15.f5 e4
16.Nf3g5 Nc6e5
17.Nb5c3 Ne5xc4
18.Ng5xe4 Nf6xe4
19.Nc3xe4 Bb8e5
20.Ra1b1 Be5d4
21.Kg2 Ra8e8
22.Ne4c3 a5
23.b3 Nc4d6
24.g4 b5
25.a4 b4
26.Nc3b5 Nd6xb5
27.axb5 Re8e2
28.Kg3 Rf8b8
29.Rf1d1 Bd4e5
30.Kf3 Re2xh2
31.Rd1e1 Be5d4
32.Kg3 Rh2f2
33.d3 Rb8xb5
34.Bc1e3 Bd4xe3
35.Re1xe3 Rf2d2
36.Kf4 Rb5b8
37.Re3e5 Rb8d8
38.Re5xc5 Rd8d4
39.Ke5 Rd4xg4
40.Rc5xa5 Rd2e2
41.Kd5 Re2e3
42.d4 Re3d3
43.Ke5 Rd3xd4
44.Ra5a8 Kf7
45.Ra8a7 Kf8
{ draw }
1/2-1/2

[Event "Tourn. n9034"]
[Site "www.chess-mail.com"]
[Date "2017.01.02"]
[Round "1"]
[White "Fabos12"]
[Black "Prize640"]
[WhiteElo "2110"]
[BlackElo "2219"]
[Result "0-1"]
[Round "1"]
1.d4 Ng8f6
2.c4 g6
3.Nb1c3 d5
4.cxd5 Nf6xd5
5.e4 Nd5xc3
6.bxc3 Bf8g7
7.Bc1e3 c5
8.Qd1d2 Qd8a5
9.Ng1f3 Nb8c6
10.Ra1c1 O-O
11.d5 Nc6e5
12.Bf1e2 Ne5g4
13.Be3f4 e5
14.Bf4g3 Bg7h6
15.Nf3g5 Ng4f6
16.Be2d3 c4
17.Bd3b1 Nf6h5
18.f4 exf4
19.Bg3h4 f3
20.g4 Bc8xg4
21.Qd2f2 f6
22.Qf2d2 fxg5
23.Bh4xg5 f2
24.Kf1 Bg4h3
25.Ke2 f1Q
26.Rc1xf1 Bh3xf1
27.Rh1xf1 Bh6xg5
28.Rf1xf8 Ra8xf8
29.Qd2xg5 Qa5xc3
30.Bb1d3 cxd3
{ resign }
0-1

[Event "Tourn. n9067"]
[Site "www.chess-mail.com"]
[Date "2017.01.02"]
[Round "1"]
[White "Comrade"]
[Black "Faerieking"]
[WhiteElo "2260"]
[BlackElo "2200"]
[Result "1-0"]
[Round "1"]
1.c4 Ng8f6
2.Nb1c3 e6
3.d4 Bf8b4
4.Bc1d2 O-O
5.e3 b6
6.Ng1f3 Bc8b7
7.Bf1d3 c5
8.a3 Bb4xc3
9.Bd2xc3 cxd4
10.Bc3xd4 d6
11.Bd4c3 Qd8e7
12.O-O Nb8c6
13.Qd1c2 g6
14.Ra1d1 Rf8d8
15.Rf1e1 e5
16.b4 Ra8c8
17.Qc2b2 Kg7
18.Nf3d2 a6
19.f4 Nc6b8
20.b5 a5
21.a4 Nb8d7
22.h3 Nd7c5
23.fxe5 dxe5
24.Bd3c2 Rd8e8
25.e4 Rc8d8
26.Nd2f3 Nc5xe4
27.Bc3xe5 Qe7c5
28.Be5d4 Qc5d6
29.Bc2xe4 { resign }
1-0

[Event "Tourn. n9123"]
[Site "www.chess-mail.com"]
[Date "2017.01.02"]
[Round "1"]
[White "Faerieking"]
[Black "Norlavuaram"]
[WhiteElo "2200"]
[BlackElo "2220"]
[Result "1/2-1/2"]
[Round "1"]
1.e4 e5
2.Ng1f3 Nb8c6
3.Bf1c4 Bf8e7
4.d4 d6
5.h3 Ng8f6
6.Nb1c3 exd4
7.Nf3xd4 Bc8d7
8.Bc1e3 O-O
9.O-O Nc6e5
10.Bc4b3 h6
11.f4 Ne5g6
12.Nd4f5 Bd7c6
13.Qd1d3 Rf8e8
14.Qd3c4 Re8f8
15.Nc3d5 Nf6xd5
16.exd5 Bc6d7
17.Nf5xe7 Ng6xe7
18.Ra1e1 a6
19.Qc4e2 Ne7f5
20.Be3f2 Rf8e8
21.Qe2d3 Re8xe1
22.Rf1xe1 Qd8f8
23.c3 Ra8e8
24.Bb3c2 Re8xe1
25.Bf2xe1 Qf8e7
26.Be1f2 g6
27.g4 Nf5g7
28.Kg2 Ng7e8
29.Kg3 Ne8g7
30.Qd3e4 Qe7xe4
31.Bc2xe4 f5
32.Be4d3 Kf7
33.b3 Ng7e8
34.Bf2d4 Ne8f6
35.Bd4xf6 { draw }
1/2-1/2

[Event "Tourn. n9118"]
[Site "www.chess-mail.com"]
[Date "2017.01.02"]
[Round "1"]
[White "Greghghs"]
[Black "Prize640"]
[WhiteElo "2340"]
[BlackElo "2420"]
[Result "1-0"]
[Round "1"]
1.d4 Ng8f6
2.c4 e6
3.Ng1f3 Bf8b4
4.Bc1d2 a5
5.Nb1c3 b6
6.Bd2g5 h6
7.Bg5h4 Bc8b7
8.e3 d6
9.Bf1d3 Nb8d7
10.O-O O-O
11.Nc3e4 g5
12.Ne4xf6 Nd7xf6
13.Bh4g3 d5
14.Nf3e5 Nf6e4
15.Bd3xe4 dxe4
16.Qd1h5 Kg7
17.Ne5g4 { resign }
1-0

[Event "Tourn. n9000"]
[Site "www.chess-mail.com"]
[Date "2017.01.02"]
[Round "1"]
[White "Aalekhine"]
[Black "Passaroa25"]
[WhiteElo "1499"]
[BlackElo "1500"]
[Result "1-0"]
[Round "1"]
1.Ng1f3 d5
2.b3 Bc8e6
3.Bc1b2 f6
4.g3 Be6f7
5.Bf1g2 e6
6.O-O Ng8e7
7.d4 Ne7c6
8.Nb1d2 Bf8d6
9.e4 O-O
10.e5 Bd6e7
11.exf6 Be7xf6
12.c4 Nb8d7
13.cxd5 exd5
14.Rf1e1 Rf8e8
15.Re1xe8 Qd8xe8
16.Qd1e1 Nc6b4
17.Qe1xe8 Ra8xe8
18.Kf1 Nb4d3
19.Bb2c3 c6
20.h4 b5
21.b4 Nd7b6
22.Nf3e5 Nd3xe5
23.dxe5 Bf6xe5
24.Bc3xe5 Re8xe5
25.Ra1e1 Re5xe1
26.Kxe1 Nb6a4
27.f4 Na4c3
28.a3 g6
29.g4 Nc3a4
30.Nd2b3 Na4b6
31.Ke2 Nb6d7
32.Nb3d4 Nd7f6
33.g5 Nf6h5
34.Nd4xc6 Nh5xf4
35.Kf2 a6
36.Nc6b8 d4
37.Bg2e4 d3
38.Ke3 Bf7c4
39.Nb8xa6 Nf4e2
40.Be4xd3 Ne2c1
41.Bd3xc4 bxc4
42.Kd2 Nc1b3
43.Kc3 Nb3c1
44.Kxc4 Nc1e2
45.b5 Ne2f4
46.b6 { resign }
1-0

[Event "Tourn. n9047"]
[Site "www.chess-mail.com"]
[Date "2017.01.02"]
[Round "1"]
[White "Fabos12"]
[Black "Osopanda"]
[WhiteElo "2110"]
[BlackElo "2060"]
[Result "1-0"]
[Round "1"]
1.d4 d5
2.Ng1f3 e6
3.Bc1f4 Bf8d6
4.Bf4g3 Bd6xg3
5.hxg3 Ng8f6
6.e3 O-O
7.Bf1d3 b6
8.c4 Bc8b7
9.Nb1c3 Nb8d7
10.cxd5 exd5
11.Bd3f5 c5
12.dxc5 bxc5
13.Qd1c2 Nd7b6
14.O-O-O Qd8e7
15.Bf5xh7 Kh8
16.Bh7f5 Kg8
17.Rh1h3 Nf6e4
18.Bf5h7 Kh8
19.Bh7xe4 Kg8
20.Rd1h1 g6
21.Be4xg6 fxg6
22.Rh3h8 Kf7
23.Rh1h7 Ke8
24.Qc2xg6 Kd8
25.Rh7xe7 Kxe7
26.Qg6g7 Rf8f7
27.Qg7e5 Kd7
28.Rh8xa8 Bb7xa8
29.Nc3b5 Nb6c8
30.Nf3g5 Rf7xf2
31.Qe5c7 { resign }
1-0

[Event "Tourn. n9135"]
[Site "www.chess-mail.com"]
[Date "2017.01.02"]
[Round "1"]
[White "Bojan"]
[Black "Luban"]
[WhiteElo "2030"]
[BlackElo "2060"]
[Result "1-0"]
[Round "1"]
1.e4 c5
2.Ng1f3 d6
3.Bf1c4 e6
4.c3 d5
5.exd5 exd5
6.Bc4b5 Bc8d7
7.Qd1e2 Qd8e7
8.Qe2xe7 Bf8xe7
9.Bb5e2 Nb8c6
10.d3 h6
11.h3 Ng8f6
12.Bc1f4 O-O
13.Nb1d2 a6
14.O-O b5
15.Nf3e5 Nc6xe5
16.Bf4xe5 Rf8e8
17.Be2f3 Bd7c6
18.c4 Ra8d8
19.b3 Bc6a8
20.Ra1d1 d4
21.Bf3xa8 Rd8xa8
22.Rf1e1 Ra8d8
23.g3 Nf6h5
24.Kg2 f5
25.g4 fxg4
26.hxg4 Nh5f6
27.f4 Kf7
28.Kg3 Re8h8
29.Nd2f3 h5
30.g5 Nf6e8
31.f5 Be7d6
32.Kh4 Ne8c7
33.Be5xd6 Rd8xd6
34.Nf3e5 Kg8
35.Ne5g6 Rh8h7
36.Re1e7 bxc4
37.Re7xc7 { resign }
1-0

[Event "Match"]
[Site "www.echecsemail.com"]
[Date "2017.01.02"]
[Round "1"]
[White "Chapi"]
[Black "Yoj"]
[WhiteElo "2080"]
[BlackElo "1809"]
[Result "1-0"]
[Round "1"]
1.d4 c6
2.c4 e5
3.dxe5 Qd8a5
4.Nb1c3 Qa5xe5
5.Ng1f3 Qe5c5
6.b3 b5
7.e3 Ng8f6
8.Bf1e2 bxc4
9.Nc3a4 Qc5b4
10.Bc1d2 Qb4d6
11.Be2xc4 a5
12.Na4b6 Bc8b7
13.Nb6xa8 Bb7xa8
14.Nf3g5 Nf6d5
15.e4 Qd6e5
16.O-O Bf8d6
17.g3 Nd5c3
18.Qd1f3 Qe5f6
19.Qf3xf6 gxf6
20.Ng5xf7 Nc3xe4
21.Rf1e1 c5
22.Nf7xd6 Kd8
23.Bd2xa5 { resign }
1-0

[Event "Match"]
[Site "www.echecsemail.com"]
[Date "2017.01.02"]
[Round "1"]
[White "Luban"]
[Black "Coraza8091"]
[WhiteElo "1960"]
[BlackElo "1510"]
[Result "0-1"]
[Round "1"]
1.d4 e6
2.c4 Bf8b4
3.Bc1d2 Bb4xd2
4.Qd1xd2 Ng8f6
5.Nb1c3 O-O
6.Ng1f3 Rf8e8
7.e3 Nb8c6
8.a3 Nc6a5
9.Qd2c2 g6
10.b4 Na5c6
11.e4 d5
12.cxd5 exd5
13.e5 Bc8f5
14.Bf1d3 Bf5xd3
15.Qc2xd3 a6
16.O-O Nf6h5
17.g3 Nc6e7
18.Ra1c1 Ne7c6
19.Rf1e1 b5
20.Nc3xb5 axb5
21.Rc1xc6 Ra8b8
22.Re1c1 Rb8b7
23.Rc6c5 Qd8d7
24.Nf3d2 Nh5g7
25.Qd3c3 Re8c8
26.Nd2b3 Ng7e6
27.Rc5c6 Ne6d8
28.Rc6f6 Qd7e7
29.Nb3a5 Rb7a7
30.Na5c6 Nd8xc6
31.Rf6xc6 Qe7d7
32.Rc6c5 h5
33.Qc3b3 c6
34.Qb3c3 Ra7c7
35.Qc3c2 Rc8a8
36.Rc1a1 Ra8a6
37.a4 Qd7g4
38.a5 Qg4xd4
39.e6 Qd4xa1
{ resign }
0-1

[Event "Match"]
[Site "www.echecsemail.com"]
[Date "2017.01.02"]
[Round "1"]
[White "Yoj"]
[Black "B0zata"]
[WhiteElo "1809"]
[BlackElo "2240"]
[Result "0-1"]
[Round "1"]
1.g3 d5
2.Bf1g2 Ng8f6
3.c4 dxc4
4.Qd1a4 c6
5.Nb1c3 e6
6.Qa4xc4 Bf8e7
7.d3 O-O
8.b4 Nb8d7
9.d4 Nd7b6
10.Qc4d3 Nb6d5
11.Nc3xd5 Nf6xd5
12.a3 a5
13.b5 c5
14.Bg2e4 f5
15.Be4f3 cxd4
16.Qd3xd4 Be7f6
17.Qd4c5 Bf6xa1
18.Ng1h3 Ba1c3
19.Bc1d2 Bc3xd2
20.Kxd2 Nd5f4
21.Ke1 Nf4xh3
22.e4 Nh3g5
23.Bf3g2 Ng5xe4
24.Bg2xe4 fxe4
{ resign }
0-1

[Event "Match"]
[Site "www.echecsemail.com"]
[Date "2017.01.02"]
[Round "1"]
[White "Nimzo"]
[Black "Chessnadja"]
[WhiteElo "2780"]
[BlackElo "2710"]
[Result "1/2-1/2"]
[Round "1"]
1.d4 e6
2.c4 Bf8e7
3.Nb1c3 d5
4.Ng1f3 Ng8f6
5.Bc1f4 O-O
6.e3 Nb8d7
7.c5 Nf6h5
8.Bf1d3 b6
9.b4 Nh5xf4
10.exf4 a5
11.a3 c6
12.O-O Qd8c7
13.g3 Bc8a6
14.Bd3xa6 Ra8xa6
15.Qd1e2 Ra6a8
16.Kg2 Rf8b8
17.Rf1b1 Qc7c8
18.Nc3a4 axb4
19.axb4 bxc5
20.Na4xc5 Be7d6
21.Ra1xa8 { draw }
1/2-1/2

[Event "Match"]
[Site "www.echecsemail.com"]
[Date "2017.01.02"]
[Round "1"]
[White "Biggles"]
[Black "Yoj"]
[WhiteElo "2150"]
[BlackElo "1809"]
[Result "1-0"]
[Round "1"]
1.e4 g6
2.d4 c5
3.d5 e6
4.Ng1f3 Qd8e7
5.c4 exd5
6.e5 dxc4
7.Bf1xc4 Bf8g7
8.Bc1g5 f6
9.Bg5h4 g5
10.Bh4g3 Nb8c6
11.O-O fxe5
12.Nb1c3 d6
13.Rf1e1 Bc8g4
14.Qd1d2 Bg4xf3
15.gxf3 O-O-O
16.Bc4d5 Nc6d4
17.Nc3e2 Ng8f6
18.Ne2xd4 Nf6xd5
19.Nd4f5 Qe7f6
20.Nf5xg7 Nd5f4
21.Bg3xf4 gxf4
22.Ng7h5 Qf6g5
23.Nh5g3 Rh8g8
24.Ra1d1 Qg5h4
25.Kh1 fxg3
26.fxg3 Rg8xg3
27.Qd2d3 Rd8g8
28.Qd3xd6 Rg3xf3
29.Qd6xc5 Kb8
30.Qc5xe5 Kc8
31.Rd1c1 Qh4c4
32.Rc1xc4 { resign }
1-0

[Event "Match"]
[Site "www.echecsemail.com"]
[Date "2017.01.02"]
[Round "1"]
[White "Joseph1983"]
[Black "Yoj"]
[WhiteElo "2200"]
[BlackElo "1809"]
[Result "1-0"]
[Round "1"]
1.e4 e5
2.Ng1f3 Nb8c6
3.Bf1c4 Ng8f6
4.Nb1c3 Bf8b4
5.O-O Bb4xc3
6.dxc3 Nf6xe4
7.Bc4xf7 Kxf7
8.Qd1d5 Ke8
9.Qd5xe4 Qd8f6
10.Bc1g5 Qf6e6
11.Rf1e1 d6
12.Qe4d3 h6
13.Bg5h4 g5
14.Bh4g3 Bc8d7
15.Re1e2 Nc6a5
16.Ra1e1 Qe6xa2
17.Nf3xe5 Kd8
18.Ne5xd7 Qa2f7
19.Nd7e5 Qf7g7
20.Qd3d5 { resign }
1-0

[Event "Match"]
[Site "www.echecsemail.com"]
[Date "2017.01.02"]
[Round "1"]
[White "Rovaniaina"]
[Black "Ranjachess"]
[WhiteElo "1499"]
[BlackElo "1720"]
[Result "1-0"]
[Round "1"]
1.e4 e5
2.Ng1f3 Nb8c6
3.Bf1c4 Ng8f6
4.d4 d5
5.exd5 Nc6xd4
6.Nf3xe5 Bf8c5
7.O-O Nf6xd5
8.c3 Nd4c6
9.Ne5xf7 Kxf7
10.Bc4xd5 Bc8e6
11.Qd1h5 g6
12.Bd5xe6 Kxe6
13.Rf1e1 Kf7
14.Qh5xc5 Rh8e8
15.Bc1e3 Nc6e5
16.Nb1d2 c6
17.Ra1d1 Qd8f6
18.Nd2e4 b6
19.Ne4xf6 bxc5
20.Nf6xe8 Ra8xe8
21.Be3xc5 h5
22.Bc5xa7 h4
23.Re1e3 g5
24.Ba7d4 Kf6
25.Bd4xe5 Re8xe5
26.Re3xe5 Kxe5
27.a4 g4
28.Rd1e1 Kf4
29.g3 hxg3
30.hxg3 Kf3
31.Re1e3 
1-0

[Event "Match"]
[Site "www.echecsemail.com"]
[Date "2017.01.02"]
[Round "1"]
[White "Irene"]
[Black "Juodivarnai"]
[WhiteElo "2060"]
[BlackElo "2180"]
[Result "1-0"]
[Round "1"]
1.d4 d5
2.Ng1f3 Ng8f6
3.e3 e6
4.Bf1d3 c5
5.dxc5 Bf8xc5
6.Nb1c3 O-O
7.e4 dxe4
8.Nc3xe4 Nf6xe4
9.Bd3xe4 Qd8xd1
10.Kxd1 Bc5xf2
11.c3 Nb8c6
12.Kc2 Bc8d7
13.Rh1f1 Bf2c5
14.Nf3g5 h6
15.Ng5f3 Ra8d8
16.Bc1f4 Bd7c8
17.Bf4c7 Rd8d7
18.Bc7g3 Rf8d8
19.Bg3h4 f6
20.Rf1e1 g5
21.Bh4g3 Nc6e7
22.Kb3 f5
23.Be4c2 f4
24.Bg3xf4 gxf4
25.Re1xe6 Rd7d2
26.Re6xh6 Rd2xg2
27.Bc2h7 Kg7
28.Rh6h5 Bc8g4
29.Rh5xc5 Bg4xf3
30.Rc5c7 Kf6
31.Ra1f1 Rd8d3
32.Bh7xd3 Bf3d5
33.c4 { resign }
1-0

[Event "Match"]
[Site "www.echecsemail.com"]
[Date "2017.01.02"]
[Round "1"]
[White "Lyonbyte"]
[Black "Gambitmiau"]
[WhiteElo "1599"]
[BlackElo "1930"]
[Result "0-1"]
[Round "1"]
1.d4 d5
2.c4 e6
3.Nb1c3 Bf8b4
4.Ng1f3 Bb4xc3
5.bxc3 Ng8f6
6.Bc1g5 h6
7.Bg5d2 dxc4
8.e3 O-O
9.Bf1xc4 a6
10.a4 Nb8c6
 { time }
0-1

[Event "1/128 Finale"]
[Site "www.chess-mail.com"]
[Date "2017.01.02"]
[Round "1"]
[White "Mitja"]
[Black "Gatrooper"]
[WhiteElo "1990"]
[BlackElo "1480"]
[Result "1-0"]
[Round "1"]
1.d4 d5
2.e3 e6
3.a3 a6
4.b3 h6
5.Bc1b2 Nb8c6
6.Ng1e2 Ng8f6
7.Ne2g3 Bf8e7
8.Nb1d2 Bc8d7
9.Bf1e2 e5
10.dxe5 Nf6h7
11.Nd2f3  { time }
1-0

[Event "1/128 Finale"]
[Site "www.chess-mail.com"]
[Date "2017.01.02"]
[Round "1"]
[White "Redabond"]
[Black "Yoj"]
[WhiteElo "1650"]
[BlackElo "1749"]
[Result "0-1"]
[Round "1"]
1.d4 b6
2.Bc1f4 Bc8b7
3.Nb1c3 e6
4.e4 Ng8f6
5.Nc3b5 d6
6.e5 dxe5
7.Bf4xe5 Nf6d5
8.c4 Bf8b4
9.Ke2 Qd8h4
10.Be5g3 Qh4e4

0-1

[Event "Fast Game"]
[Site "www.echecsemail.com"]
[Date "2017.01.02"]
[Round "1"]
[White "Jobeye"]
[Black "Ozana"]
[WhiteElo "1689"]
[BlackElo "1769"]
[Result "1-0"]
[Round "1"]
1.Nb1c3 d5
2.d4 g6
3.Bc1f4 c6
4.e4 Bf8g7
5.e5 f6
6.exf6 Ng8xf6
7.Bf4e5 O-O
8.Bf1d3 Bc8f5
9.Bd3xf5 gxf5
10.Ng1f3 Nb8d7
11.Qd1d3 Nf6e4
12.Be5xg7 Kxg7
13.O-O e6
14.Nf3e5  { time }
1-0

[Event "Tourn. n9089"]
[Site "www.chess-mail.com"]
[Date "2017.01.03"]
[Round "1"]
[White "Madz123456"]
[Black "Osmundw"]
[WhiteElo "1470"]
[BlackElo "1450"]
[Result "0-1"]
[Round "1"]
1.e4 e6
2.d4 d5
3.Nb1d2 Bf8e7
4.Bf1d3 Ng8f6
5.e5 Nf6e4
6.Nd2xe4 dxe4
7.Bd3xe4 b6
8.Be4xa8 c6
9.Qd1g4 f5
10.Qg4xg7 Kd7
{ time. }
0-1

[Event "Tourn. n9057"]
[Site "www.chess-mail.com"]
[Date "2017.01.03"]
[Round "1"]
[White "Orhany24"]
[Black "Szustan"]
[WhiteElo "2220"]
[BlackElo "2660"]
[Result "0-1"]
[Round "1"]
1.d4 d5
2.f4 Ng8f6
3.Ng1f3 e6
4.e3 c5
5.c4 Bf8e7
6.Nb1c3 O-O
7.Bf1d3 cxd4
8.exd4 dxc4
9.Bd3xc4 a6
10.O-O b5
11.Bc4b3 Nb8c6
12.a4 b4
13.Nc3e2 Bc8b7
14.Bc1e3 Nc6a5
15.Ra1c1 Nf6d5
16.Be3f2 Na5xb3
17.Qd1xb3 a5
18.Ne2g3 Nd5xf4
19.Rf1d1 Be7g5
20.Bf2e3 Bb7d5
21.Qb3c2 Nf4h3
{ resign }
0-1

[Event "Tourn. n9060"]
[Site "www.chess-mail.com"]
[Date "2017.01.03"]
[Round "1"]
[White "Servant"]
[Black "Normr"]
[WhiteElo "1690"]
[BlackElo "1699"]
[Result "1-0"]
[Round "1"]
1.Ng1f3 e5
2.Nf3xe5 d6
3.Ne5f3 Nb8c6
4.d4 d5
5.Bc1f4 Ng8f6
6.e3 Bf8d6
7.Bf4xd6 Qd8xd6
8.c3  { time }
1-0

[Event "Tourn. n9097"]
[Site "www.chess-mail.com"]
[Date "2017.01.03"]
[Round "1"]
[White "Tartan"]
[Black "Aperturaf"]
[WhiteElo "2460"]
[BlackElo "2350"]
[Result "0-1"]
[Round "1"]
1.d4 e6
2.e4 d5
3.Nb1c3 Ng8f6
4.Bc1g5 Bf8b4
5.e5 h6
6.Bg5d2 Bb4xc3
7.bxc3 Nf6e4
8.Qd1g4 Kf8
9.Bf1d3 Ne4xd2
10.Kxd2 c5
11.Ng1f3 c4
12.Bd3e2 Nb8c6
13.Qg4g3 Qd8a5
14.Rh1b1 b5
15.a4 bxa4
16.Ra1a3 Bc8d7
 { time }
0-1